000 00786nam a22002777a 4500
003 CHAP
005 20220329140646.0
008 971013s1957 r 00010 d
010 _a55507
011 _a56479
035 _a60632
040 _cCHAP
082 _a540
_bS2
110 _aScientific American
_9103326
245 _aNew chemistry
260 _aNew York :
_bSimon and Schuster,
_c1957
300 _a206 p.
_b: ilus.
590 _aBATCH-UPD
_b10
_c20130110
_lUCH01
_h1510
590 _aBATCH-UPD
_b10
_c20130410
_lUCH01
_h0927
590 _aBATCH-UPD
_b10
_c20130914
_lUCH01
_h1949
590 _aCONVERSION
_b10
_c20130109
_lUCH01
_h1330
650 1 4 _aQuĂ­mica.
_993552
901 _aBK
942 _cLIBRO
949 _a540 S2
_bBC
_cLIBRO
_d33724000438610
_eLIBRO
_h14396
_i60632
_si
999 _c55507
_d55507